|
|
|
|
| LEADER |
01041nam a2200253 a 4500 |
| 001 |
14149268 |
| 008 |
090720s2006 enka b 001 0 eng d |
| 010 |
|
|
|a 2005031003
|
| 020 |
|
|
|a 079449101
|
| 020 |
|
|
|a 0749441712 (pbk.)
|
| 040 |
|
|
|a DLC
|c DLC
|d YDX
|d BAKER
|d UKM
|d IXA
|d DLC
|
| 082 |
0 |
0 |
|a 658.3/124
|2 22
|
| 100 |
1 |
|
|a Mackey, David.
|
| 245 |
1 |
0 |
|a Transforming training :
|b a guide to creating a flexible learning environment : the rise of the learning architects /
|c David Mackey, Siân Livsey.
|
| 260 |
|
|
|a London ;
|a Philadelphia :
|b Kogan Page,
|c 2006.
|
| 300 |
|
|
|a v, 282 p. :
|b ill. ;
|c 23 cm.
|
| 504 |
|
|
|a Includes bibliographical references (p. [279]-280) and index.
|
| 541 |
1 |
|
|e 00018438
|
| 650 |
|
0 |
|a Employees
|x Training of.
|
| 650 |
|
0 |
|a Organizational learning.
|
| 700 |
1 |
|
|a Livsey, Siân.
|
| 852 |
4 |
|
|a School of Public Health.
|
| 999 |
|
|
|c 2540
|d 2540
|
| 952 |
|
|
|0 0
|1 0
|2 ddc
|4 0
|6 658_312400000000000_MAC
|7 0
|9 2313
|a JPGSPH
|b JPGSPH
|c GEN
|d 2009-04-28
|e Paragon Enterprise Ltd. Dhaka
|l 0
|o 658.3124 MAC
|p 3060018438
|r 2009-07-21
|t 1
|w 2009-07-21
|y BK
|